| 000 | 00633nam a2200181Ia 4500 | ||
|---|---|---|---|
| 001 | 151427 | ||
| 003 | 245221 | ||
| 005 | 20250427062534.0 | ||
| 008 | ||||||n9999 ||| || || | ||
| 082 | _a370 | ||
| 100 |
_aAtehortúa Sierra, Santiago _9187142 |
||
| 245 | 0 | _aPremio a la excelencia en la educación municipio de le Retiro (Antioquia) | |
| 562 | _e1 | ||
| 650 |
_aEDUCACIÓN--RETIRO (ANTIOQUIA, COLOMBIA) _9187143 |
||
| 650 |
_aESCUELA SUPERIOR DE ADMINISTRACIÓN PÚBLICA (ANTIOQUIA)--TESIS Y DISERTACIONES ACADÉMICAS _936336 |
||
| 650 | 0 |
_aEspecialización en Gestión Pública (Antioquia) _989748 |
|
| 942 | _cTESIS | ||
| 999 |
_c151427 _d151427 |
||